| 000 | 00000nam 2200000za 4500 |
| 001 | 9.811261 |
| 003 | CaOODSP |
| 005 | 20221107141041 |
| 007 | cr ||||||||||| |
| 008 | 160215s1993 oncac||fo f|01 0 eng d |
| 020 | |z0-660-14933-8 |
| 040 | |aCaOODSP|beng |
| 041 | |aeng|bfre |
| 043 | |an-cn--- |
| 086 | 1 |aA53-1894/1993E-PDF|zA53-1894/1993E |
| 245 | 00|aHymenoptera of the world |h[electronic resource] : |ban identification guide to families / |cedited by Henri Goulet, John T. Huber. |
| 260 | |aOttawa : |bResearch Branch, Agriculture Canada, |c1993. |
| 300 | |avii, 668 p. : |bill. |
| 500 | |aHistorical publication digitized in 2011 by Agriculture and Agri-Food Canada. |
| 504 | |aIncludes bibliographic references and index. |
| 510 | 0 |aCanadian cataloguing in publication data printed in this publication. |
| 546 | |aIntroductory text in English and French. |
| 692 | 07|2gccst|aInsects |
| 692 | 07|2gccst|aPests |
| 700 | 1 |aGoulet, Henri. |
| 700 | 1 |aHuber, John T. |
| 710 | 1 |aCanada.|bAgriculture Canada.|bResearch Branch. |
| 776 | 0#|tHymenoptera of the world: an identification guide to families / |w(CaOODSP)9.644683 |
| 856 | 40|qPDF|s30.49 MB|uhttps://publications.gc.ca/collections/collection_2016/aac-aafc/agrhist/A53-1894-1993-eng.pdf |
| 986 | |aPublication 1894/E |